Catálogo

Nuestra Guadalupana en Santa Fe, Argentina / (Registro nro. 37311)

Detalles MARC
000 -LEADER
fixed length control field 01057cam a2200301 i 4500
001 - CONTROL NUMBER
control field 37311
003 - CONTROL NUMBER IDENTIFIER
control field Mx-PuUPA
005 - DATE AND TIME OF LATEST TRANSACTION
control field 20260129141746.0
008 - FIXED-LENGTH DATA ELEMENTS--GENERAL INFORMATION
fixed length control field 140415s1964 mx gr 000 0 spa d
040 ## - CATALOGING SOURCE
Transcribing agency Mx-PuUPA
Original cataloging agency Mx-PuUPA
Language of cataloging spa
Modifying agency Mx-PuUPA
Description conventions rda
041 0# - LANGUAGE CODE
Language code of text/sound track or separate title spa
043 ## - GEOGRAPHIC AREA CODE
Geographic area code s-ag---
100 1# - MAIN ENTRY--PERSONAL NAME
Personal name Tirado López, Abel,
Relator term autor
9 (RLIN) 17797
245 10 - TITLE STATEMENT
Title Nuestra Guadalupana en Santa Fe, Argentina /
Statement of responsibility, etc. Abel Tirado López
264 #3 - PRODUCTION, PUBLICATION, DISTRIBUTION, MANUFACTURE, AND COPYRIGHT NOTICE
Place of production, publication, distribution, manufacture Ciudad de México :
Name of producer, publisher, distributor, manufacturer Imprenta Venecia,
Date of production, publication, distribution, manufacture, or copyright notice 1964
300 ## - PHYSICAL DESCRIPTION
Extent 92 páginas ;
Dimensions 23 cm
336 ## - CONTENT TYPE
Fuente rdacontent
Content type term texto
Content type code txt
337 ## - MEDIA TYPE
Source rdamedia
Media type term sin medio
Media type code n
338 ## - CARRIER TYPE
Source rdacarrier
Carrier type term volumen
Carrier type code nc
600 04 - SUBJECT ADDED ENTRY--PERSONAL NAME
Personal name Virgen María
650 #7 - SUBJECT ADDED ENTRY--TOPICAL TERM
Source of heading or term armarc
Topical term or geographic name entry element Peregrinos y peregrinaciones cristianas
Geographic subdivision Argentina, Santa Fe
9 (RLIN) 13986
650 #7 - SUBJECT ADDED ENTRY--TOPICAL TERM
Source of heading or term armarc
Topical term or geographic name entry element Santuarios,
Geographic subdivision Argentina, Santa Fe
650 #7 - SUBJECT ADDED ENTRY--TOPICAL TERM
Source of heading or term armarc
Topical term or geographic name entry element Santuario Nacional de Nuestra Señora de Guadalupe (Santa Fe, Argentina)
651 #4 - SUBJECT ADDED ENTRY--GEOGRAPHIC NAME
Geographic name Argentina, Santa Fe
942 ## - ADDED ENTRY ELEMENTS (KOHA)
Source of classification or shelving scheme Dewey Decimal Classification
Koha item type Libro
Classification part 263.04282
Item part T56
Existencias
Withdrawn status Lost status Source of classification or shelving scheme Damaged status Not for loan Collection code Home library Current library Shelving location Date acquired Source of acquisition Total Checkouts Full call number Barcode Date last seen Price effective from Koha item type
    Dewey Decimal Classification     General Centro de Estudios Guadalupanos Centro de Estudios Guadalupanos Sala general 24/01/2026 Compra   263.04282 T56 1964 93265 24/01/2026 24/01/2026 Libro